000 00492nam a2200145Ia 4500
008 151213s9999 xx 000 0 und d
100 _aনূরুল করিম নাসিক।
245 _aবাইুরের জানালা।
_cনূরুল করিম নাসিক।
260 _aঢাকা
_bঅয়ন।
_c2003
300 _a8792 p.
650 _aBangla
650 _aগল্প
700 _aনূরুল করিম নাসিক।
999 _c4577
_d4577